000 00712nam a2200229 a 4500
999 _c11649
_d11649
001 11649
003 BD-JhCC
005 20200714083827.0
008 200714b20152020bg a|||| ||a| 001 0 ben d
020 _a9847012004050
035 _a(BD-JhCC)11649
040 _aBD-JhCC
_dBD-JhCC
041 _aben
082 _a530
_bHOS 2020
100 _aহোসেন, সৈয়দ জাকির
245 _aপ্রাত্যহিত জীবনে বিজ্ঞান /
_cসৈয়দ জাকির হোসেন ।
260 _aঢাকা:
_bকথাপ্রকাশ;
_c২০২০.
300 _a583 p. :
_bill;
_c26 cm.
650 _aphysics
942 _2ddc
_cBK